Catálogo

AYERES POBLANOS (Registro nro. 39737)

Detalles MARC
000 -LEADER
fixed length control field 00951nam a2200217 a 4500
001 - CONTROL NUMBER
control field 39737
005 - DATE AND TIME OF LATEST TRANSACTION
control field 20180714013402.0
008 - FIXED-LENGTH DATA ELEMENTS--GENERAL INFORMATION
fixed length control field 140415s2001 mx 000 0 spa d
020 ## - INTERNATIONAL STANDARD BOOK NUMBER
International Standard Book Number 9688635359
041 ## - LANGUAGE CODE
Language code of text/sound track or separate title spa
082 ## - DEWEY DECIMAL CLASSIFICATION NUMBER
Classification number 972.48
Item number CAM
100 1# - MAIN ENTRY--PERSONAL NAME
Personal name CAMPOS ÁVILA, ANGEL
245 10 - TITLE STATEMENT
Title AYERES POBLANOS
250 ## - EDITION STATEMENT
Edition statement 2a ed.
260 ## - PUBLICATION, DISTRIBUTION, ETC.
Place of publication, distribution, etc. MEXICO :
Name of publisher, distributor, etc. BENEMERITA UNIVERSIDAD AUTONOMA DE PUEBLA,
Date of publication, distribution, etc. 2001
300 ## - PHYSICAL DESCRIPTION
Extent 188
Dimensions x 13.6 x 21
490 ## - SERIES STATEMENT
Series statement PUEBLA
500 ## - GENERAL NOTE
General note COLECCIÓN PUEBLA
520 ## - SUMMARY, ETC.
Summary, etc. EL AUTOR RECCOGE 30 AÑOS DE PUEBLA ESTE TIPO DE AÑORANZAS SE NECESITA PARA QUE LAS NUEVAS GENERACIONES REGISTREN LO QUE FUE SU CIUDAD Y, ATRAVES DE ELLO SE EXPLIQUE SUS AVANCES, DESARROLLO, PROGRESO ES DECIR, EL ESFURZO DE LOS POBLANOS, LAS FORMAS DE VIDA, TRADICIONES , CALLES, ESTACIONES FERROCARRILERAS , SUS DOMINGOS, LA ZONA ROJA, LAS FABRICAS TEXTILES, PORTALES, BARRIOS, ETC.
650 14 - SUBJECT ADDED ENTRY--TOPICAL TERM
Topical term or geographic name entry element PUEBLA (CIUDAD)
General subdivision HISTORIA
Existencias
Withdrawn status Lost status Source of classification or shelving scheme Damaged status Not for loan Collection code Home library Current library Shelving location Date acquired Source of acquisition Inventory number Total Checkouts Full call number Barcode Date last seen Price effective from Koha item type
    Dewey Decimal Classification   Consulta en sala Puebla Biblioteca Karol Wojtyla Biblioteca Karol Wojtyla Área de silencio 03/12/2013 Compra 151000000000000000073063   972.48 CAM 59715 05/01/2026 03/12/2013 Libro